Recyklácia a využívanie obehových materiálov v krajinách V4
Analýza mier recyklácie komunálneho odpadu, obalových materiálov a miera využívania obehových materiálov v ekonomike. Krajiny Vyšehradskej štvorky – Slovensko, Česko, Maďarsko a Poľsko v období rokov 2010 až 2017. Krajiny síce výrazne zlepšujú úroveň recyklácie, avšak pomerne výrazne stagnuje miera...
Saved in:
| Main Author: | |
|---|---|
| Other Authors: | , |
| Format: | Book Chapter |
| Language: | Slovak |
| Subjects: | |
| Tags: |
No Tags, Be the first to tag this record!
|
MARC
| LEADER | 00000naa$a2200000$$$4500 | ||
|---|---|---|---|
| 001 | 0271300 | ||
| 005 | 20240502074251.2 | ||
| 041 | 0 | |a slo | |
| 044 | |a SK | ||
| 245 | 1 | 0 | |a Recyklácia a využívanie obehových materiálov v krajinách V4 |c Roman Lacko, Zuzana Hajduová, Pavol Andrejovský |
| 520 | |a Analýza mier recyklácie komunálneho odpadu, obalových materiálov a miera využívania obehových materiálov v ekonomike. Krajiny Vyšehradskej štvorky – Slovensko, Česko, Maďarsko a Poľsko v období rokov 2010 až 2017. Krajiny síce výrazne zlepšujú úroveň recyklácie, avšak pomerne výrazne stagnuje miera využívania obehových materiálov v cirkulárnej ekonomike. | ||
| 610 | 2 | 0 | |a recyklácia odpadu |
| 610 | 2 | 0 | |a odpad komunálny |
| 610 | 2 | 0 | |a Vyšehradská štvorka |
| 610 | 2 | 0 | |a hospodárstvo obehové |
| 100 | 1 | |a Lacko, Roman, 1988- | |
| 700 | 1 | |a Hajduová, Zuzana, 1974- | |
| 700 | 1 | |a Andrejovský, Pavol, 1975- | |